Представление документа в формате RUSMARC

ПолеНазваниеЗначение
  Тип записи a
  Библиографический уровень m
001 Контрольный номер 310b1026062d4ef6877da1598590049e
005 Дата корректировки 20260618111335.6
010 Индекс ISBN __
b Уточнения В пер.
d Цена 1100-00
100 Данные общей обработки __
a Данные общей обработки 19190116d2025 d y0rusy028902 ca
101 Язык документа 0_
a Язык текста rus
102 Страна публикации __
a Страна публикации RU
105 Кодированные данные (монография) __
a Кодированные данные (монография) y z 000ay
181 Поле кодированных данных: вид содержания _0
a Код вида содержания (ISBD) i
182 Поле кодированных данных: тип средства _0
a Код типа средства (ISBD) n
200 Заглавие и сведения об ответственности 1_
a Заглавие Бежин луг
e Сведения, относящиеся к заглавию [рассказ] : издание для слабовидящих
f Первые сведения об ответственности Иван Тургенев
203 Вид содержания и тип средства __
a Вид содержания Текст
c Тип средства непосредственный
210 Выходные данные 1_
a Место издания Москва
c Издательство Чинар
d Дата издания 2025
215 Физическое описание __
a Объем 45 с.
d Формат 21 см
225 Серия 2_
a Серия Круг чтения
e Сведения, относящиеся к заглавию серии издание для слабовидящих
300 Общие примечания __
a Общие примечания Текст печатается по изданию: Тургенев И. Бежин луг. - Москва : Стрекоза, 2017. - ISBN 978-5-9951-3383-4.
330 Аннотация __
a Аннотация Рассказ «Бежин луг» Иван Сергеевич Тургенев (1818-1883) написал под впечатлением от одного случая, произошедшего с ним на охоте. Писатель просидел всю ночь у костра в компании маленьких пастухов - деревенских мальчишек, стороживших табун лошадей. Пока мальчишки рассказывали друг другу страшные истории, он любовался красотой летней ночи и впоследствии с удивительным мастерством передал её в слове.
333 Примечание о целевом назначении __
a Примечание о целевом назначении 12+. Для детей старше 12 лет
606 Тематические рубрики __
a Основная рубрика Художественная литература
2 Код системы nlr_sh
606 Тематические рубрики __
a Основная рубрика Русская литература XIX в. (произведения)
2 Код системы nlr_sh
610 Ключевые слова 0_
a Ключевые слова детская литература
610 Ключевые слова 0_
a Ключевые слова проза
610 Ключевые слова 0_
a Ключевые слова рассказы
610 Ключевые слова 0_
a Ключевые слова классическая литература
610 Ключевые слова 0_
a Ключевые слова детская классика
610 Ключевые слова 0_
a Ключевые слова рассказы для детей
610 Ключевые слова 0_
a Ключевые слова русская классика
610 Ключевые слова 0_
a Ключевые слова тема природы
610 Ключевые слова 0_
a Ключевые слова тема животных
610 Ключевые слова 0_
a Ключевые слова тема крестьян
610 Ключевые слова 0_
a Ключевые слова книги для незрячих
610 Ключевые слова 0_
a Ключевые слова чтение для слабовидящих
686 Индексы других классификаций __
2 Код системы rubbks
a Классификационный индекс 84(2=411.2)52-4я07; ст84(2=411.2)1-4я0
700 Автор _1
a Фамилия Тургенев
b Имя И. С.
f Даты 1818-1883
g Полное личное имя Иван Сергеевич
4 Код отношения 070
801 Источник записи _0
a Страна RU
b Организация Муниципальное бюджетное учреждение культуры "Централизованная библиотечная система" г. Сургут (Центральная городская библиотека им. А. С. Пушкина)
c Дата составления 20250527
g Правила каталогизации PSBO
801 Источник записи _1
a Страна RU
b Организация Муниципальное бюджетное учреждение культуры "Централизованная библиотечная система" г. Сургут (Центральная городская библиотека им. А. С. Пушкина)
c Дата составления 20250527
g Правила каталогизации PSBO
852 Данные о местонахождении __
j Шифр хранения 84(2=411.2)52-4я07
i Авторский знак Т 87
900 Макрообъекты __
a Макрообъекты Бежин луг. Тургенев И., 2025
901 Тип документа __
a Ответственный КиК/Котельникова
t Тип документа m
903 Характеристики (МАРС) __
a Дата передачи 20250527
c Наименование библиотеки (МАРС) Муниципальное бюджетное учреждение культуры "Централизованная библиотечная система" г. Сургут (Центральная городская библиотека им. А. С. Пушкина)
969 Тип издания __
a Тип издания спецформат-крупношрифтовое
a Тип издания крупношрифтовое издание
a Тип издания издание для слепых
a Тип издания издание для детей
a Тип издания Ф
990 Данные о заказе (DOS) __
j Количество экземпляров (DOS) 1
t N записи в КСУ для И/У (DOS) 202507